00386nam a2200145Ia 4500008004100000020001500041041001200056082001600068100001900084245006800103260002500171300000800196650001600204700002000220221030s9999 xx 000 0 und d a0074622390 aEnglish a105.23bMuj aA. K. Mujumdar 0aDatabase Management Systemscby A. K. Mujumdar, P. Bhattacharya bTMHaNew Delhic1999 a150 aBE Computer aP. Bhattacharya